Foundations of the theory of probability
Uloženo v:
| Hlavní autor: | |
|---|---|
| Médium: | Kniha |
| Jazyk: | angličtina |
| Vydáno: |
Nueva York
Chelsea Publishing Company
1956
|
| Vydání: | 2a. ed |
| Témata: | |
| Tagy: |
Přidat tag
Žádné tagy, Buďte první, kdo vytvoří štítek k tomuto záznamu!
|
MARC
| LEADER | 00000cam a2200000 a 4500 | ||
|---|---|---|---|
| 001 | UCF2820 | ||
| 003 | CL-VaPUC | ||
| 008 | 120910e19560000US |||||||||||||||||eng|d | ||
| 082 | 0 | 4 | |a 519.2 |b KOL |2 21 |
| 100 | |a Kolmogórov, Andréi Nikolaevich |e author |9 564643 | ||
| 245 | 1 | 0 | |a Foundations of the theory of probability |
| 250 | |a 2a. ed | ||
| 300 | |a 84 p | ||
| 942 | |c BK | ||
| 945 | |d 20120910 00:00:00 |a dcastane | ||
| 260 | |a Nueva York |b Chelsea Publishing Company |c 1956 | ||
| 650 | 0 | |a Probabilidades |9 260199 | |
| 583 | |a last modification |c 20120910 11:39:00 |k Rodrigo Vera | ||
| 999 | |c 349358 |d 349356 | ||
| 952 | |0 0 |1 0 |4 0 |6 519_200000000000000_KOL_1956 |7 0 |8 A |9 451963 |a BIBGIM |b BIBGIM |d 2019-11-22 |i 4888316 |o 519.2 KOL 1956 |p 4888316 |r 2025-01-15 |w 2019-11-22 |y BK |k EST | ||